| 000 | 01038nam a2200265 c 4500 | ||
|---|---|---|---|
| 003 | BLK | ||
| 005 | 20180420220212.0 | ||
| 008 | 180407b bul|||||r ||||||| ||bul|| | ||
| 010 | _aKNG00030707000 | ||
| 040 | _aBLK | ||
| 041 |
_aBUL _cBUL |
||
| 080 |
_aИстория на Унгария. Вж и 943.6 _b943.9 _x _z943.9 |
||
| 080 |
_aИстория на България _b94(497.2) _x _z94(497.2) |
||
| 700 | 1 |
_aАрато, Дьордь _eсъавт. _933295 |
|
| 139 |
_aАрато, Дьордь _bА 80 |
||
| 245 | 1 | 0 |
_a[Хиляда осемстотин четиридесет и осма] 1848 - 1850 _bСтудии за унгарската война за независимост и нейния български контекст _cсъавт. Дьордь Арато. |
| 260 |
_аСофия _bОгледало _c1999 |
||
| 300 |
_a208 с. _c21 см |
||
| 380 | _a9 | ||
| 852 | _aЦб 203648 | ||
| 856 | 4 |
_qpdf _u |
|
| 856 | 4 |
_qpdf _u |
|
| 942 |
_cKNG _n0 |
||
| 944 |
_aCR _c15.01.2003 _kAB_DOS |
||
| 944 |
_aED _c30.01.2017 _kСилвестър_Спасов |
||
| 999 |
_c28116 _d28116 |
||